000
00349 a2200169 4500
001
192116
020
_a
978-85-7888-643-1
040
_c
Magnum
100
_a
Azevedo, Aluísio
240
1
0
_a
O cortiço
_l
por
245
1
0
_a
O cortiço
300
_a
304
362
0
_a
2017
440
1
_a
Panda Books
697
_a
LITERATURA JUVENIL
942
_c
BK
999
_c
192116
_d
192116